000 00830aam a2200289 i 4500
001 768714001
003 CO-MdFUSB
005 20250509125651.0
007 ta
008 250509t1994 ck |||| |||| 00| 0 spa d
020 _a1-56063-557-6
040 _cCO-MdFUSB
041 0 _aspa
082 0 4 _223
_a242
_bW6861t
240 _aYour daily walk
245 1 0 _aTu andar diario :
_b365 devociones para leer toda la Biblia en un año
_c/ Editado por Bruce H. Wilkinson , John W. Hoover , Paula A. Kirk
264 1 _bUnilit,
_aMiami, Florida, USA :
_c[1994]
264 4 _c©1994
300 _a448 páginas
336 _atexto
_btxt
_2rdacontent
337 _2rdamedia
_asin mediación
_bn
338 _2rdacarrier
_avolumen
_bnc
563 _aRústico
653 _aDevocionarios
942 _cBK
945 _aJTF-925
999 _c35474
_d35474